000 00591nam a2200229Ia 4500
003 LK-CoDNM
005 20240926144658.0
008 010623t1933 xxu||||| |||| 00| 1 eng d
040 _aLK-CoDNM
_dLK-CoDNM
_eLK-CoDNM
041 _aeng
080 _a24
_bE27
245 _aA Ceylon Causerie Illustrated : MY 1932 No.1
260 _bPlate
_aColombo
_c1933
300 _bill, 192p. : ill , 28 cm
490 _vvolume iv
650 _aTrincomale
650 _avolume iv
650 _aPlate
650 _aA Ceylon Causerie Illustrated : MY 1932 No.1
650 _a24E27
942 _cBK
999 _c96534
_d96534